<?xml version="1.0" encoding="UTF-8"?><?xml-stylesheet type="text/xsl" href="static/style.xsl"?><OAI-PMH xmlns="http://www.openarchives.org/OAI/2.0/" xmlns:xsi="http://www.w3.org/2001/XMLSchema-instance" xsi:schemaLocation="http://www.openarchives.org/OAI/2.0/ http://www.openarchives.org/OAI/2.0/OAI-PMH.xsd"><responseDate>2026-06-05T13:21:48Z</responseDate><request verb="GetRecord" identifier="oai:riuma.uma.es:10630/32955" metadataPrefix="marc">https://riuma.uma.es/rest/oai/request</request><GetRecord><record><header><identifier>oai:riuma.uma.es:10630/32955</identifier><datestamp>2026-02-03T11:42:05Z</datestamp><setSpec>com_10630_2254</setSpec><setSpec>col_10630_37956</setSpec></header><metadata><record xmlns="http://www.loc.gov/MARC21/slim" xmlns:dcterms="http://purl.org/dc/terms/" xmlns:doc="http://www.lyncode.com/xoai" xmlns:xsi="http://www.w3.org/2001/XMLSchema-instance" xsi:schemaLocation="http://www.loc.gov/MARC21/slim http://www.loc.gov/standards/marcxml/schema/MARC21slim.xsd">
   <leader>00925njm 22002777a 4500</leader>
   <datafield ind2=" " ind1=" " tag="042">
      <subfield code="a">dc</subfield>
   </datafield>
   <datafield ind2=" " ind1=" " tag="720">
      <subfield code="a">Fernández-Cabrera, Marta</subfield>
      <subfield code="e">author</subfield>
   </datafield>
   <datafield ind2=" " ind1=" " tag="260">
      <subfield code="c">2023</subfield>
   </datafield>
   <datafield ind2=" " ind1=" " tag="520">
      <subfield code="a">Hace años que el legislador español e internacional tiene entre sus principales preocupaciones la victimización sexual de menores de edad. Esta ha dado lugar a sucesivas reformas en el ordenamiento penal. Sin embargo, un ejemplo paradigmático de esta línea político-criminal emprendida lo encontramos fuera de este ámbito legislativo, en una normativa de cuestionada naturaleza jurídica que introduce un sistema de medidas accesorias aplicables a los condenados por la comisión de delitos sexuales. Me refiero al paquete de medidas dirigidas a incorporar en el ordenamiento el Registro Central de Delincuentes Sexuales (RCDS). La doctrina ha dedicado numerosos artículos a pronunciarse sobre esta institución cuando afecta a los adultos, sin embargo, el presente capítulo de libro tiene como cometido abordar la idoneidad, la necesidad y la proporcionalidad en sentido estricto de la medida aplicada a los menores de edad.</subfield>
   </datafield>
   <datafield ind1="8" ind2=" " tag="024">
      <subfield code="a">La inscripción de menores de edad en el registro de delincuentes sexuales: una medida contraria al principio de proporcionalidad  Marta Fernández Cabrera  Sistema penal y exclusión: Una mirada integral al conflicto de la desigualdad en el ámbito del Derecho Penal / Jorge Correcher Mira (dir.), 2023, ISBN 9788411479295, págs. 457-492</subfield>
   </datafield>
   <datafield ind1="8" ind2=" " tag="024">
      <subfield code="a">9788411479295</subfield>
   </datafield>
   <datafield ind1="8" ind2=" " tag="024">
      <subfield code="a">https://hdl.handle.net/10630/32955</subfield>
   </datafield>
   <datafield tag="653" ind2=" " ind1=" ">
      <subfield code="a">Delitos sexuales</subfield>
   </datafield>
   <datafield tag="653" ind2=" " ind1=" ">
      <subfield code="a">Delincuencia juvenil</subfield>
   </datafield>
   <datafield tag="653" ind2=" " ind1=" ">
      <subfield code="a">Tribunales de menores</subfield>
   </datafield>
   <datafield ind2="0" ind1="0" tag="245">
      <subfield code="a">La inscripción de menores de edad en el registro de delincuentes sexuales: una medida contraria al principio de proporcionalidad.</subfield>
   </datafield>
</record>
</metadata></record></GetRecord></OAI-PMH>